Русское устное народное творчество Учебно-методическая литература
В учебно-методическом пособии представлены новые подходы к планированию курса «Русское устное народное творчество» с учетом особенностей специальностей подготовки бакалавров по направлениям «Педагогическое образование» «Филология» содержатся программа курса планы практических занятий коллоквиумов те...
שמור ב:
| מחבר ראשי: | |
|---|---|
| פורמט: | Учебно-методическая литература |
| גישה מקוונת: | https://znanium.com/catalog/document?id=375252 https://znanium.com/cover/1341/1341009.jpg |
| תגים: |
הוספת תג
אין תגיות, היה/י הראשונ/ה לתייג את הרשומה!
|
| LEADER | 03420nam0a2200301 i 4500 | ||
|---|---|---|---|
| 001 | RU\infra-m\znanium\bibl\1341009 | ||
| 003 | https://znanium.com/catalog/document?id=375252 | ||
| 005 | 20210309000000.0 | ||
| 010 | |a 978-5-4263-0755-1 | ||
| 100 | |a 20210309d2021 m y0rusy0150 ca | ||
| 101 | 0 | |a rus | |
| 102 | |a RU | ||
| 200 | 1 | |a Русское устное народное творчество |e Учебно-методическая литература |f Московский педагогический государственный университет | |
| 210 | 1 | |a Москва |c Московский педагогический государственный университет |d 2019 | |
| 215 | |a 428 с. | ||
| 330 | |a В учебно-методическом пособии представлены новые подходы к планированию курса «Русское устное народное творчество» с учетом особенностей специальностей подготовки бакалавров по направлениям «Педагогическое образование» «Филология» содержатся программа курса планы практических занятий коллоквиумов тематика докладов рефератов и курсовых работ а также библиография. Пособие способствует формированию у студентов системы необходимых компетенций а также представлений о закономерностях историко-культурного и фольклорно-литературного процесса. Материалы пособия помогут студенту и преподавателю сориентироваться в обширной художественной научной и учебно-методической литературе а также выработать индивидуальную траекторию изучения предмета с учетом интересов и предпочтений. На обложке - картины Б. М. Кустодиева «Деревенский праздник» и Е. П. Биткина «Хоровод». | ||
| 333 | |a ВО - Бакалавриат | ||
| 606 | |a Филологические науки |x Литературоведение. Фольклористика |2 local | ||
| 608 | |a Учебно-методическая литература |2 local | ||
| 675 | |a 398 |z rus | ||
| 686 | |a 823 |2 rubbk | ||
| 686 | |a 44.03.01 |2 okso | ||
| 686 | |a 45.03.01 |2 okso | ||
| 700 | 1 | |a Абашева |b Д.В. |g Диана Владимировна |p Московский педагогический государственный университет | |
| 701 | 1 | |a Жабина |b Е.М. |g Елена Михайловна |p Московский педагогический государственный университет | |
| 801 | 0 | |a RU |b Общество с ограниченной ответственностью «ЗНАНИУМ» |c 20210309 |2 rusmarc | |
| 856 | 4 | |a znanium.com |m ebs_support@infra-m.ru |n НИЦ ИНФРА-М |u https://znanium.com/catalog/document?id=375252 | |
| 856 | 4 | 1 | |a znanium.com |d /cover/1341 |f 1341009.jpg |q image/jpeg |u https://znanium.com/cover/1341/1341009.jpg |